Turistika v horách /

Main Author: Hejl, Ivo, 1931-
Other Authors: Levý, Josef
Language: Czech
Published: Praha : Olympia, 1990
Edition: 3., dopln. a rozš. vyd.
Series: Kondice
Online Access: Digitalizovaný dokument
Physical Description: 205 s. : il. ; 20 cm
Book
Saved in:
LEADER 01335nam a22003732a 4500
001 000339812
003 CZ BrMZK
005 20110527184713.0
007 ta
008 980105s1990 xr a f cze d
015 |a cnb000055907 
035 |a (OCoLC)39412594 
035 |a (OCoLC)39412594 
040 |a BOA001  |b cze 
080 9 |a 796.5 
100 1 |a Hejl, Ivo,  |d 1931-  |7 jk01040561  |4 aut 
245 1 0 |a Turistika v horách /  |c Ivo Hejl a kol. ; ; ilustrace Josef Levý 
250 |a 3., dopln. a rozš. vyd. 
260 |a Praha :  |b Olympia,  |c 1990 
300 |a 205 s. :  |b il. ;  |c 20 cm 
490 1 |a Kondice 
504 |a Obsahuje bibliografii 
500 |a 15000 výt. 
700 1 |a Levý, Josef  |7 xx0020323  |4 ill 
830 0 |a Kondice  |0 s 
856 4 1 |u http://www.digitalniknihovna.cz/mzk/uuid/uuid:fc41cfa0-244d-11e3-9319-005056827e51  |y Digitalizovaný dokument  |x NDK 
910 |a BOA001  |b 1-0957.574  |b PK-0115.185  |b TK-0244.792 
920 |a 000045069 
920 |a 000197325 
990 |a BK 
991 |b 200708 
996 6 |b 2619836610  |c 1-0957.574  |l MZK  |r Sklad / do 1 hodiny  |n 10  |w 000339812  |u 000010  |a 1  |e BOA001  |j MZK50  |s P 
996 7 |b 2629992435  |c TK-0244.792  |l MZK  |r Sklad / do 24 hodin  |n 4  |w 000339812  |u 000030  |a 1  |e BOA001  |j MZK50  |s A 
996 7 |b 3119984529  |c PK-0115.185  |l MZK  |r Sklad / do 1 hodiny  |n 8  |w 000339812  |u 000020  |a 1  |e BOA001  |j MZK50  |s A